Csak tizenegy szegedi kaphat helyet a DLASZ tisztikarában. Öt szegedi sportvezetőt vétózott a "vidéki blokk"

Elmentve itt :
Bibliográfiai részletek
Dokumentumtípus: Cikk
Megjelent: 1935-07-24
Sorozat:Délmagyarország 11 No. 164
Kulcsszavak:Sport, labdarúgás
Online Access:http://dmarchiv.bibl.u-szeged.hu/48953
LEADER 00493nab a2200145 i 4500
001 delm48953
005 20180927134853.0
008 180927s1935 hu o 0|| hun d
040 |a SZTE Délmagyarország Archívum  |b hun 
041 |a hun 
245 0 0 |a Csak tizenegy szegedi kaphat helyet a DLASZ tisztikarában.   |h [elektronikus dokumentum] :  |b Öt szegedi sportvezetőt vétózott a "vidéki blokk" 
260 |c 1935-07-24 
300 |a 9 
490 0 |a Délmagyarország  |v 11 No. 164 
695 |a Sport, labdarúgás